000 01062nam a2200289 a 4500
001 BRCA_7990
005 20190320210102.0
008 130314s1969----mx-a###f##---#000-0#spa-#
041 _aspa
044 _amx
050 4 _aAG26
_b.D545
_c1969
100 1 _aMassa de Gil, Beatriz
_919823
245 1 0 _aDiccionario técnico de biblioteconomía = technical dictionary of librarianship
_bespañol - inglés
_cBeatriz Massa de Gil ; Ray Trautman y Peter Goy, coautores.
260 _aMéxico
_bTrillas
_c1969
300 _a387 p.
_bil.
_c24 cm.
500 _a3031
500 _aVer también Y191 (ed. 1964) y 3017 (ed. en italiano)
500 _aDiccionario inventariado como libro por el Banco de México
500 _aDedicatoria de la autora al señor Franz Mayer
546 _aTexto en español e inglés
650 1 4 _aDiccionarios
_vEspecializados
_zMéxico
_919824
650 1 4 _aBiblioteconomía
_vLibros de consulta
_zMéxico
_919825
700 1 _aTrautman, Ray
_ecoaut.
_919826
700 1 _aGoy, Peter
_ecoaut.
_919827
902 _aGFM
942 _2lcc
_cB
999 _c7659
_d7659